000 00462nam a22002177a 4500
003 UA-OsUOA
001 35047
007 ta
008 20051106b un ||||| |||| 00| 0 ukr d
090 _a004
_bП-13
942 _cBK
040 _aUA-OsUOA
_brus
_cUA-OsUOA
_dUA-OsUOA
245 _aПакет Norton версии 5.0
300 _a144 с.
955 _a2
041 _arus
080 _a004
260 _aМ.
_c1992
650 7 _2UDC
999 _c321441
_d321441